000 00339nam a2200145 i 4500
001 bg
100 1 _aVOELLNAGEL, Andrzej
245 0 _aKaprysy koloru w fotografii /
_cAndrzej Voellnagel.
250 _aWyd.2.
260 _aWarszawa,
_c1984.
040 _cBPK
041 _apol
942 _cKS
008 s pl f |000 0 pol
999 _c1265
_d1265
856 _uhttp://koha.tu.koszalin.pl/cgi-bin/koha/opac-detail.pl?biblionumber=1265
_yKatalog online BPK